Religion Quiz

Random Religion or Letter Quiz

Popular Bible Words A to Z Quiz Stats

Quiz not verified by Sporcle

Challenge
Share
Tweet
Embed
Score 0/26 Timer 07:00
0 Plays Today
Letter Word Occurring Most Often % Correct
Aand
79%
Tthe
77.3%
GGod
76.6%
Bbe
68.4%
Hhe
59.7%
Iin
57%
Oof
51.6%
Ffor
50.1%
Nnot
46%
Yye
43.7%
LLord
38.1%
Kking
37.8%
Mmy
34.4%
Letter Word Occurring Most Often % Correct
Qqueen
30%
Sshall
21.6%
ZZion
19.3%
Wwith
17.9%
Uunto
17.6%
Eeven
17.3%
Ccame
16.8%
Ppeople
14.1%
Dday
13.9%
JJerusalem
13.2%
Rright
9.8%
Vvoice
3.3%
XXanthicus
1.2%

You're not logged in!

Compare scores with friends on all Sporcle quizzes.
Sign Up with Email
OR
Log In

You Might Also Like...

Show Comments

Extras

Top Quizzes Today


Score Distribution

Your Account Isn't Verified!

In order to create a playlist on Sporcle, you need to verify the email address you used during registration. Go to your Sporcle Settings to finish the process.

Report this User

Report this user for behavior that violates our Community Guidelines.

Details: